| 000 | 00952nam a2200229 a 4500 | ||
|---|---|---|---|
| 001 | 49420 | ||
| 003 | BD-RjUL | ||
| 005 | 20211209054658.0 | ||
| 008 | 160820s1970 bg |||| ||| 000 0 ben d | ||
| 020 | _c: Tk. 15.00 | ||
| 035 | _a(BD-RjUL)49539 | ||
| 040 |
_aBD-RjUL _bben _cBD-RjUL _dBD-RjUL |
||
| 041 | _aben | ||
| 082 |
_223 _a891.4408 _bMOU 1970 |
||
| 245 | 1 | 0 |
_aমওলানা মোহাম্মদ আলীর রচনা ও বক্তৃতাবলী / _cচৌধুরী শামসুর রহমান অনূদিত |
| 260 |
_aঢাকা : _bবাঙ্গলা একাডেমী, _c১৯৭০ [১৩৭৭] |
||
| 300 |
_a[৬] ৬২৬ পৃ. ; _c২১ সেমি. |
||
| 650 |
_aবাংলা সাহিত্য _xসংগ্রহ _9122902 |
||
| 650 |
_aBengali Literature _xCollected work _9148350 |
||
| 700 |
_aরহমান, চৌধুরী শামসুর _9148351 |
||
| 942 |
_2ddc _cBK |
||
| 999 |
_c49420 _d49420 |
||